A Spiritual leader / (Record no. 3346)

MARC details
000 -LEADER
fixed length control field 00485nam a2200181Ia 4500
003 - CONTROL NUMBER IDENTIFIER
control field GBCCL
005 - DATE AND TIME OF LATEST TRANSACTION
control field 20241126110453.0
008 - FIXED-LENGTH DATA ELEMENTS--GENERAL INFORMATION
fixed length control field 171124b xxu||||| |||| 00| 0 eng d
020 ## - INTERNATIONAL STANDARD BOOK NUMBER
International Standard Book Number 9789190565868
040 ## - CATALOGING SOURCE
Transcribing agency gbc
082 ## - DEWEY DECIMAL CLASSIFICATION NUMBER
Classification number 262.1
Item number POO
100 ## - MAIN ENTRY--PERSONAL NAME
Personal name Poonen, Zac
9 (RLIN) 6850
245 #2 - TITLE STATEMENT
Title A Spiritual leader /
Statement of responsibility, etc. Zac Poonen
260 ## - PUBLICATION, DISTRIBUTION, ETC.
Name of publisher, distributor, etc. Christian Fellowship Centre,
Place of publication, distribution, etc. Bangalore:
Date of publication, distribution, etc. 2001
300 ## - PHYSICAL DESCRIPTION
Extent 76p.;
Dimensions 20 cm.
650 ## - SUBJECT ADDED ENTRY--TOPICAL TERM
Topical term or geographic name entry element Christian leadership
9 (RLIN) 1568
942 ## - ADDED ENTRY ELEMENTS (KOHA)
Edition 2ND ED
Source of classification or shelving scheme Dewey Decimal Classification
Koha item type Books
Koha issues (borrowed), all copies 10
Holdings
Withdrawn status Lost status Source of classification or shelving scheme Damaged status Not for loan Home library Current Library Shelving location Date acquired Total checkouts Total renewals Full call number Barcode Date last seen Date last checked out Copy number Price effective from Koha item type
    Dewey Decimal Classification     GRACE BIBLE COLLEGE GRACE BIBLE COLLEGE Ministry & Mission 2017-11-24 7 1 262.1 POO 006742 2026-02-23 2026-02-19 c.1 2017-11-24 Books
    Dewey Decimal Classification     GRACE BIBLE COLLEGE GRACE BIBLE COLLEGE Ministry & Mission 2018-07-18 1   262.1 POO 013422 2025-05-01 2018-10-08 c.2 2018-07-18 Books
    Dewey Decimal Classification     GRACE BIBLE COLLEGE GRACE BIBLE COLLEGE Ministry & Mission 2022-04-20 2 2 262.1 POO 005894 2025-05-01 2024-03-02 c.3 2022-04-20 Books
    Dewey Decimal Classification     GRACE BIBLE COLLEGE GRACE BIBLE COLLEGE Ministry & Mission 2022-04-20     262.1 POO 005906 2025-05-01   c.4 2022-04-20 Books
    Dewey Decimal Classification     GRACE BIBLE COLLEGE GRACE BIBLE COLLEGE Ministry & Mission 2022-04-20 2   262.1 POO 005908 2025-05-01 2025-01-24 c.5 2022-04-20 Books
© Grace Bible College Library 2025